000 00464nam a2200181Ia 4500
008 131103s9999 xx 000 0 und d
020 _a439176573
040 _aLoreto College
041 _aEnglish
082 _a425/ANA
_bLCBED/13731
100 _aAnastasio, Dina
245 _aParts of speech
_cDina Anastasio
260 _a[s.l.]
_bScholastic
_c2000
300 _a32p.
_b pic.
_c 27cm.
650 _aEnglish Grammar
850 _aLCBED/425/ANA
942 _cBK
999 _c28344
_d78823